| 000 | 00905cam7a220021700 4500 | ||
|---|---|---|---|
| 001 | tmp15294487 | ||
| 003 | UPRA | ||
| 005 | 20190826203505.0 | ||
| 008 | 950728s1960 fr fre u | ||
| 035 | _a(Sirsi) r107133 | ||
| 035 | _a(UPRA)tmp15294487 | ||
| 040 | _cUPRA | ||
| 100 | 1 |
_aBoutillier, J. L. (Jean Louis) _qBoutillier, J. L. (Jean Louis) _6A64820.1 |
|
| 245 | 1 | 0 |
_aBongouanou, C^ote d'Ivoire : _betude socio-economique d'une subdivision / _cAvec la collaboration de Jean Causse ; preface [de] H. Deschamps. |
| 260 |
_aParis : _bEditions Berger-Levrault, _c1960. |
||
| 440 | 0 |
_aHomme d'outre-mer. Nouv. ser. ; _pHomme d'outre-mer. Nouv. ser. ; _vno. 2 _6S8466.1 |
|
| 504 | _aBibliography: p. [219]. | ||
| 651 | 0 |
_aBongouanou (Ivory Coast) -- Social conditions. _xBongouanou (Ivory Coast) -- Social conditions. _6S50157.1 |
|
| 949 |
_aHN810 _wlcc _i-152594 _mMAIN _tBOOK _lON-SHELF |
||
| 004 | 107133 | ||
| 999 |
_c172715 _d172715 |
||